000 00801nam a2200253Ia 4500
003 OSt
005 20220923213858.0
006 a|||||r|||| 00| 0
007 ta
008 220922b |||||||| |||| 00| 0 hin d
024 _a165,347
037 _cTextual
040 _aARTS
_cARTS
_bhin
041 _2hin
_ahin
082 _aO152,1M97,16, H8
100 _aगुप्त, सियारामशरण
_9156365
245 0 _aआर्द्रा
246 _aĀrdrā
260 _aचिरगॉव
_b साहित्य-सदन 2013 वि0
_c1948
300 _a149पृ.
_ccm.
650 _aहिन्दी साहित्य
_9156264
942 _hO152,1M97,16, H8
_cTEXL
_2CC
999 _c319826
_d319826